Los de Abajo

محفوظ في:
التفاصيل البيبلوغرافية
المؤلف الرئيسي: Azuela, Mariano (مؤلف)
التنسيق: كتاب
اللغة:الإسبانية
منشور في: Santiago Andrés Bello 1984
سلاسل:Club de lectores, 67
الموضوعات:
الوسوم: إضافة وسم
لا توجد وسوم, كن أول من يضع وسما على هذه التسجيلة!

MARC

LEADER 00000nam a2200000 a 4500
001 UCH7252
003 CL-VaPUC
008 091109e19840000CL |||||||||||||||||spa|d
082 0 4 |a Me863  |b AZU  |2 21 
100 0 |a Azuela, Mariano  |e author  |9 376822 
245 1 4 |a Los de Abajo 
300 |a 132 p 
942 |c BK 
945 |d 20091109 00:00:00  |a lazolas 
260 |a Santiago  |b Andrés Bello  |c 1984 
650 0 |a Literatura  |9 259151 
650 0 |a Literatura latina   |9 258055 
650 0 |a Novelas mexicanas  |9 317570 
650 7 |a ESCRITORES MEXICANOS  |2 CL-VaPUC  |9 350646 
650 0 |a Ficción   |9 376687 
650 0 |a Lectura  |9 307634 
650 0 |a Educación  |9 258661 
651 0 |a México  |9 255269 
583 |a last modification  |c 20091109 00:00:00  |k Rodrigo Vera 
490 0 |a Club de lectores, 67 
999 |c 337915  |d 337913